<?xml version="1.0" encoding="UTF-8"?>
<record
    xmlns:xsi="http://www.w3.org/2001/XMLSchema-instance"
    xsi:schemaLocation="http://www.loc.gov/MARC21/slim http://www.loc.gov/standards/marcxml/schema/MARC21slim.xsd"
    xmlns="http://www.loc.gov/MARC21/slim">

  <leader>02743agaaa2200349   4500</leader>
  <controlfield tag="001">5318</controlfield>
  <controlfield tag="003">IT-RoPAU</controlfield>
  <controlfield tag="005">20220918181233.0</controlfield>
  <controlfield tag="007">d cvaizq</controlfield>
  <controlfield tag="008">50131s9999||||xx ||| |     ||   ||und||</controlfield>
  <datafield tag="040" ind1=" " ind2=" ">
    <subfield code="a">IT-RoPAU</subfield>
    <subfield code="c">IT-RoPAU</subfield>
  </datafield>
  <datafield tag="041" ind1=" " ind2=" ">
    <subfield code="a">ITALIANO</subfield>
  </datafield>
  <datafield tag="100" ind1=" " ind2=" ">
    <subfield code="a">Marcus Paul</subfield>
    <subfield code="g">Codice regista SPICS: 58058</subfield>
    <subfield code="9">41763</subfield>
  </datafield>
  <datafield tag="130" ind1=" " ind2=" ">
    <subfield code="a">NERONE</subfield>
    <subfield code="9">41764</subfield>
  </datafield>
  <datafield tag="240" ind1=" " ind2=" ">
    <subfield code="a">IMPERIUM: NERONE</subfield>
    <subfield code="g">T3472</subfield>
  </datafield>
  <datafield tag="245" ind1=" " ind2=" ">
    <subfield code="a">NERONE</subfield>
    <subfield code="c">Prodotto da: Bernabei Luca -- Sceneggiatura: Billing Paul Contaldo Francesco -- Diretto da: Marcus Paul</subfield>
    <subfield code="p">NERONE (Rif. Codice opera principale : H5318)</subfield>
  </datafield>
  <datafield tag="246" ind1=" " ind2=" ">
    <subfield code="a">IMPERIUM: NERONE</subfield>
  </datafield>
  <datafield tag="250" ind1=" " ind2=" ">
    <subfield code="a">Edizione Standard</subfield>
  </datafield>
  <datafield tag="260" ind1=" " ind2=" ">
    <subfield code="a">(ITA - SPA - UK)</subfield>
    <subfield code="b">RAI FICTION - LUX VIDE - EOS INTERT. - RAI TR / Distribuzione: MULTIMEDIA SAN PAOLO</subfield>
    <subfield code="g">"2004 (1&#xB0; ed.: 2005 ; Ed. Lingua Orig.: 2004)"</subfield>
  </datafield>
  <datafield tag="300" ind1=" " ind2=" ">
    <subfield code="a">DVD</subfield>
    <subfield code="b">sonoro, col.</subfield>
    <subfield code="c">182 minuti</subfield>
  </datafield>
  <datafield tag="508" ind1=" " ind2=" ">
    <subfield code="a">"Fotografia: Galasso Giovanni; Montaggio: Lucidi Alessandro; Musica: Guerra Andrea; Sceneggiatura: Billing Paul Contaldo Francesco; Scenografia: Agate Carmelo; Soggetto: Billing Paul -- Contaldo Francesco"</subfield>
  </datafield>
  <datafield tag="511" ind1=" " ind2=" ">
    <subfield code="a">"Matheson Hans; Morante Laura; Schmid Rike; Habich Matthias; Molina Angela; Cariot P"</subfield>
  </datafield>
  <datafield tag="520" ind1=" " ind2=" ">
    <subfield code="a">L'IMPERATORE CALIGOLA E' PREDA DELLA FOLLIA. UCCIDE IL MARITO DI SUA SORELLA AGRIPPINA, COINVOLTO IN UNA CONGIURA CONTRO DI LUI. AGRIPPINA VIENE ESILIATA SU UN'ISOLA LONTANA E SEPARATA DAL SUO UNICO FIGLIO, CHE AMA PIU' DELLA SUA STESSA VITA. HA SOLO OTTO ANNI, IL SUO NOME E' LUCIO, MA PASSERA' ALLA STORIA CON IL NOME DI NERONE. CALIGOLA VIENE UCCISO DAI SUOI GENERALI. GLI SUCCEDE CLAUDIO, CHE DECIDE DI PORRE TERMINE ALL'INGIUSTO ESILIO DI AGRIPPINA. COSI', DOPO TANTI ANNI, NERONE PUO' RIABBRACCIARE SUA MADRE. MA AGRIPPINA ORA HA UN UNICO, PRECISO OBIETTIVO: SUO FIGLIO NERONE DOVRA' DIVENTAREIMPERATORE. PER PRIMA COSA SI SBARAZZA DI MESSALINA, LA DISSOLUTA MOGLIE DI CLAUDIO. POI SEDUCE L'IMPERATORE CONVINCENDOLO A SPOSARLA. INFINE PERSUADE CLAUDIO A NOMINARE EREDE DEL POTERE IMPERIALE NERONE E NON SUO FIGLIO NATURALE BRITANNICO. NERONE VORREBBE TRASFERIRSI IN GRECIA CON ATE, MA SUA MADRE AVVELENA IL MARITO CLAUDIO. NERONE, SUO MALGRADO, DIVENTA IMPERATORE...IL DISCO EXTRA CONTIENE IL DOCUMENTARIO: ALLA SCOPERTA DFI ROMA, UN VIAGGIO AFFASCINANTE NELLA ROMA ANTICA.</subfield>
  </datafield>
  <datafield tag="538" ind1=" " ind2=" ">
    <subfield code="a">PAL, STEREO</subfield>
  </datafield>
  <datafield tag="546" ind1=" " ind2=" ">
    <subfield code="a">ITALIANO</subfield>
  </datafield>
  <datafield tag="650" ind1=" " ind2=" ">
    <subfield code="a">DRAMMA STORICO</subfield>
    <subfield code="e">DVD-FILM [DVD]</subfield>
    <subfield code="x">Codice MATERIA SPICS: 9947</subfield>
    <subfield code="9">41765</subfield>
  </datafield>
  <datafield tag="700" ind1=" " ind2=" ">
    <subfield code="a">Billing Paul </subfield>
    <subfield code="e">(soggetto)</subfield>
    <subfield code="g">Codice Soggetto SPICS: 58059</subfield>
    <subfield code="9">41766</subfield>
  </datafield>
  <datafield tag="700" ind1=" " ind2=" ">
    <subfield code="a">Contaldo Francesco </subfield>
    <subfield code="e">(soggetto)</subfield>
    <subfield code="g">Codice Soggetto 2&#xB0; SPICS: 7850</subfield>
    <subfield code="9">41767</subfield>
  </datafield>
  <datafield tag="700" ind1=" " ind2=" ">
    <subfield code="a">Guerra Andrea</subfield>
    <subfield code="e">(musica)</subfield>
    <subfield code="g">Codice Musica SPICS: 57998</subfield>
    <subfield code="9">41768</subfield>
  </datafield>
  <datafield tag="700" ind1=" " ind2=" ">
    <subfield code="a">Marcus Paul </subfield>
    <subfield code="e">(regista)</subfield>
    <subfield code="g">Codice regista SPICS: 58058</subfield>
    <subfield code="9">41769</subfield>
  </datafield>
  <datafield tag="942" ind1=" " ind2=" ">
    <subfield code="c">DV</subfield>
    <subfield code="2">ddc</subfield>
  </datafield>
  <datafield tag="999" ind1=" " ind2=" ">
    <subfield code="c">105500</subfield>
    <subfield code="d">105500</subfield>
  </datafield>
  <datafield tag="952" ind1=" " ind2=" ">
    <subfield code="0">0</subfield>
    <subfield code="1">0</subfield>
    <subfield code="4">0</subfield>
    <subfield code="6">H_5318_000000000000000</subfield>
    <subfield code="7">1</subfield>
    <subfield code="a">SPICS</subfield>
    <subfield code="b">SPICS</subfield>
    <subfield code="d">2015-01-31</subfield>
    <subfield code="l">0</subfield>
    <subfield code="o">H5318</subfield>
    <subfield code="r">2015-01-31 00:00:00</subfield>
    <subfield code="w">2015-01-31</subfield>
    <subfield code="y">DV</subfield>
    <subfield code="z">Progr. Ins.: 3255 / N.Vol.:2 / Copie: 1 / Pag.:0 / Copia rara: n.d. / date import: 1.2.2015 / By Epidotti, Trombetti, Vaglietti</subfield>
  </datafield>
</record>
